000 00790nam a22002417a 4500
005 20170124110240.0
010 _aA-257525
020 _c00.00
_a9780500273777
035 _aA-257525
037 _bCen Lib/Ret
040 _aDPL
_bEN
082 _a709.45
_bRAD
100 _aRadice, Barbara
_994676
245 _aMemphis :
_cby Barbara Radice ; translated by Paul Blanchard
_b research, experiences, results, failures, and successes of new design /
246 _b
260 _aLondon
_bThames and Hudson
_c1985
270 _bLondon
300 _a207p. :
_c29cm(pbk)
_bill.
_e
650 _aMemphis (Group)
_994677
650 _aDecorative arts -- History -- 20th century.
_994678
700 _aBlanchard, Paul
_994679
942 _2ddc
_cEN
_h709.45
_mRAD
999 _c135145
_d135145